| 000 | 00465nam a2200181Ia 4500 | ||
|---|---|---|---|
| 008 | 220531s9999 xx 000 0 und d | ||
| 041 | _amar | ||
| 082 | _bKUM | ||
| 100 |
_aकुभांर अर्जुन _947333 |
||
| 245 | _aपर्यावरण जागृती. | ||
| 250 | _a1ST | ||
| 260 |
_aPune _bPayal _c2004 |
||
| 300 | _a167 | ||
| 542 | _d07-12-2004 | ||
| 650 |
_aGeography _947334 |
||
| 906 | _d2004-2005 | ||
| 999 |
_c27785 _d27785 |
||